000 00737nam a2200193 a 4500
001 000041253
005 20201002034728.0
008 130927s1993 sp 000 0 spa d
020 _a8400047907
040 _aDO-SdBNP
_bspa
_cBNPHU
082 _axxx
_bxxx
100 1 _aCunchillos, Jesús-Luis
_915333
245 1 0 _aBanco de Datos Filológicos Semíticos Noroccidentales. /
_cJesús-Luis Cunchillos, Juan-Pablo Vita.
260 _aMadrid, :
_bConsejo Superior de Investigaciones Científicas
_bInstituto de Filología
_bDepartamento de Filología Bíblica y de Oriente Antiguo,
_c1993.
300 _av. ;
_c25 cm.
505 0 _gv. 1
_tTextos ugaríticos
500 _aLa biblioteca posee el volumen 1
700 1 _aVita, Juan-Pablo
_967852
999 _c40743
_d40743